Normal view
MARC view
Entry Personal Name
001 - CONTROL NUMBER
- control field: 72658
003 - CONTROL NUMBER IDENTIFIER
- control field: dpl
005 - DATE AND TIME OF LATEST TRANSACTION
- control field: 20241011115152.0
008 - FIXED-LENGTH DATA ELEMENTS
- fixed length control field: 241011|| aca||aabn | a|a d
040 ## - CATALOGING SOURCE
- Original cataloging agency: dpl
- Transcribing agency: dpl
100 ## - HEADING--PERSONAL NAME
- Personal name: खोईवाल, सुनील कुमार
670 ## - SOURCE DATA FOUND
- Source citation: Work cat.: (dpl)206302: खोईवाल, सुनील कुमार , एक सोच बदल सकती है तक़दीर/, 2023
